Hospodárska politika
Enregistré dans:
| Format: | Livre |
|---|---|
| Langue: | slovaque |
| Publié: |
Trnava :
KON-PRESS,
1997
|
| Édition: | 1.vyd. |
| Sujets: | |
| Accès en ligne: | OBSAH |
| Tags: |
Pas de tags, Soyez le premier à ajouter un tag!
|
MARC
| LEADER | 00000nam a22000003a 4500 | ||
|---|---|---|---|
| 001 | stu10355 | ||
| 005 | 20150408162611.4 | ||
| 008 | 971217s1997----xo------------------slo-d | ||
| 020 | |a 80-85413-30-2 | ||
| 040 | |a STU |b slo | ||
| 041 | 0 | |a slo | |
| 044 | |a xo | ||
| 080 | |a 338.246 | ||
| 080 | |a 338.2(075.8) | ||
| 245 | |a Hospodárska politika | ||
| 250 | |a 1.vyd. | ||
| 260 | |a Trnava : |b KON-PRESS, |c 1997 | ||
| 300 | |a 358 s | ||
| 650 | 7 | |a politika hospodárska |2 stusub | |
| 856 | 4 | |a https://sweb.mtf.stuba.sk/obsahy/hospodarska_politika_97.pdf |u https://sweb.mtf.stuba.sk/obsahy/hospodarska_politika_97.pdf |3 OBSAH | |
| 996 | |b E81513 |c R*81513 |l RRUM |s A |a 24 |w stu10355_0002 | ||
| 996 | |b 284M061451 |c M* 13919-1 |l MMKN |s A |a 24 |w stu10355_0003 | ||